|
|
|
|
| LEADER |
02064nam/a2200349/a/4500 |
| 001 |
18086 |
| 003 |
BD-DhAAL |
| 008 |
090330s2008 maua b 001 0 eng d |
| 999 |
|
|
|c 48
|d 48
|
| 010 |
|
|
|a 86025523
|
| 020 |
|
|
|a 9788131503621
|
| 020 |
|
|
|a 8131503623
|
| 040 |
|
|
|a DLC
|c DLC
|d ORE
|d BD-DhAAL
|
| 082 |
0 |
|
|a 621.31
|2 19
|
| 100 |
1 |
|
|a Glover, J. Duncan.
|9 29392
|
| 245 |
1 |
0 |
|a Power system analysis and design :
|b with personal computer applications /
|c J. Duncan Glover, Mulukutla Sarma.
|
| 260 |
|
|
|a Boston :
|b PWS Publishers,
|c c2008.
|
| 300 |
|
|
|a xv, 752 pages :
|b illustrations ;
|c 26 cm.
|
| 500 |
|
|
|a Portions of this book also appear in A first course in differential equipments with applications, third edition by Dannis G. Zill.
|
| 504 |
|
|
|a Includes bibliographical references and index.
|
| 541 |
1 |
|
|e 18086, 18087, 18088, 18089,18090
|
| 650 |
|
0 |
|a Electric power systems
|x Data processing.
|9 29393
|
| 650 |
|
0 |
|a Microcomputers.
|9 29394
|
| 700 |
1 |
|
|a Sarma, Mulukutla S.,
|d 2008-
|9 29395
|
| 700 |
1 |
|
|a Zill, Dennis G.,
|d 1940-
|t Differential equations with boundary-value problems.
|9 29396
|
| 852 |
4 |
|
|a Ayesha Abed Library
|c General Stacks
|
| 942 |
|
|
|2 ddc
|c BK
|
| 952 |
|
|
|0 0
|1 0
|2 ddc
|4 0
|6 621_310000000000000_GLO
|7 0
|9 44
|a BRACUL
|b BRACUL
|c GEN
|d 2009-04-28
|g 640.00
|l 6
|m 87
|o 621.31 GLO
|p 3010018087
|r 2025-11-26
|s 2025-02-17
|t 2
|w 2009-04-28
|y BK
|
| 952 |
|
|
|0 0
|1 0
|2 ddc
|4 0
|6 621_310000000000000_GLO
|7 0
|9 11485
|a BRACUL
|b BRACUL
|c GEN
|d 2010-07-03
|l 13
|m 126
|o 621.31 GLO
|p 3010018088
|r 2026-04-27
|s 2026-04-16
|t 3
|w 2010-07-03
|y BK
|
| 952 |
|
|
|0 0
|1 4
|2 ddc
|4 0
|6 621_310000000000000_GLO
|7 0
|9 11486
|a BRACUL
|b BRACUL
|c GEN
|d 2010-07-03
|l 0
|o 621.31 GLO
|p 3010018089
|r 2010-07-03
|t 4
|w 2010-07-03
|y BK
|x Koha Inventory 2020
|
| 952 |
|
|
|0 0
|1 0
|2 ddc
|4 0
|6 621_310000000000000_GLO
|7 0
|9 11487
|a BRACUL
|b BRACUL
|c GEN
|d 2010-07-03
|e Paragon Enterprises LTD
|g 638.00
|l 7
|m 69
|o 621.31 GLO
|p 3010018090
|r 2025-09-11
|s 2024-10-24
|t 5
|v 1276.00
|w 2010-07-03
|y BK
|
| 952 |
|
|
|0 0
|1 0
|2 ddc
|4 0
|6 621_310000000000000_GLO
|7 0
|9 14191
|a BRACUL
|b BRACUL
|c GEN
|d 2011-01-25
|l 9
|m 75
|o 621.31 GLO
|p 3010018086
|r 2025-05-22
|s 2025-02-23
|t 1
|w 2011-01-25
|y BK
|